| 000 | 00481nam a2200157Ia 4500 | ||
|---|---|---|---|
| 999 |
_c20318 _d20318 |
||
| 003 | OSt | ||
| 005 | 20200605120855.0 | ||
| 008 | 190216s9999||||xx |||||||||||||| ||und|| | ||
| 040 | _coclc | ||
| 082 |
_a320.954 _bCHA/I |
||
| 100 | 1 |
_aChandra, Bipan _9137 |
|
| 245 | 0 |
_aIndian National Movement The Long Term Dynamics / _cBipan Chandra |
|
| 260 |
_bVikas Publications, _c1988. _aNew Delhi; |
||
| 300 | _a101p | ||
| 942 |
_cBK _2ddc _h320.954 _iCHA/I _k320.954 _mCHA/I |
||